Pełne nazwy państw świata. - Statystyki

Ogólne statystyki
  • Ten quiz został rozwiązany 85 razy
    35 od ostatniego zresetowania
  • Średni wynik to 44 z 196
Odpowiedzi na mapie
Odpowiedzi zakodowano w zielono-czerwonej skali na mapie do tego quizu, zgodnie z poniższymi procentami.
 
Statystyki odpowiedzi
Country % Poprawnych
Rzeczpospolita Polska
80%
Federacja Rosyjska
72%
Stany Zjednoczone Ameryki
72%
Królestwo Norwegii
68%
Królestwo Hiszpanii
64%
Królestwo Szwecji
64%
Republika Czeska
64%
Holandia / Królestwo Niderlandów
60%
Kanada
60%
Republika Francuska
60%
Królestwo Belgii
56%
Republika Federalna Niemiec
56%
Republika Irlandii
56%
Republika Słowacka
56%
Zjednoczone Królestwo Wielkiej Brytanii i Irlandii Północnej
56%
Republika Białorusi
52%
Republika Finlandii
52%
Republika Portugalska
52%
Republika Włoska
52%
Islandia
48%
Republika Austrii
48%
Republika Estońska
48%
Republika Litewska
48%
Republika Łotewska
48%
Republika Mołdawii
48%
Ukraina
48%
Republika Chorwacji
44%
Republika Malty
44%
Republika Serbii
44%
Chińska Republika Ludowa
40%
Dania
40%
Islamska Republika Iranu
40%
Konfederacja Szwajcarska
40%
Republika Albanii
40%
Republika Bułgarii
40%
Republika Grecka
40%
Republika Macedonii Północnej
40%
Republika Słowenii
40%
Czarnogóra
36%
Japonia
36%
Republika Armenii
36%
Republika Kosowa
36%
Zjednoczone Emiraty Arabskie
36%
Bośnia i Hercegowina
32%
Królestwo Arabii Saudyjskiej
32%
Księstwo Andory
32%
Republika Chińska
32%
Republika Korei
32%
Republika Turcji
32%
Demokratyczna Republika Konga
28%
Gruzja
28%
Koreańska Republika Ludowo-Demokratyczna
28%
Księstwo Monako
28%
Republika Azerbejdżanu
28%
Republika Chile
28%
Republika Indii
28%
Republika Kazachstanu
28%
Republika Paragwaju
28%
Republika Peru
28%
Republika Południowej Afryki
28%
Rumunia
28%
Węgry
28%
Królestwo Marokańskie
24%
Księstwo Liechtensteinu
24%
Mongolia
24%
Nowa Zelandia
24%
Republika Argentyńska
24%
Republika Cypryjska
24%
Republika Ekwadoru
24%
Republika Gwatemali
24%
Republika Hondurasu
24%
Republika Kolumbii
24%
Republika Kostaryki
24%
Republika Kuby
24%
Republika Nikaragui
24%
Republika Panamy
24%
Republika Środkowoafrykańska
24%
Republika Tadżykistanu
24%
Republika Uzbekistanu
24%
Turkmenistan / Republika Turkmenistanu
24%
Wielkie Księstwo Luksemburga
24%
Jamajka
20%
Królestwo Tajlandii
20%
Państwo Watykańskie
20%
Republika Ghany
20%
Republika Haiti
20%
Republika Indonezji
20%
Republika Iraku
20%
Republika Konga
20%
Republika Libańska
20%
Republika Madagaskaru
20%
Republika Salwadoru
20%
Republika San Marino
20%
Republika Surinamu
20%
Sułtanat Omanu
20%
Belize
16%
Burkina Faso
16%
Kenia
16%
Królestwo Bhutanu
16%
Królestwo Eswatini
16%
Królestwo Lesotho
16%
Republika Angoli
16%
Republika Beninu
16%
Republika Botswany
16%
Republika Czadu
16%
Republika Dominikańska
16%
Republika Gambii
16%
Republika Kiribati
16%
Republika Liberii
16%
Republika Mali
16%
Republika Mozambiku
16%
Republika Namibii
16%
Republika Nigru
16%
Republika Senegalu
16%
Republika Seszeli
16%
Republika Sudanu
16%
Republika Sudanu Południowego
16%
Republika Zambii
16%
Republika Zielonego Przylądka
16%
Republika Zimbabwe
16%
Tuvalu
16%
Antigua i Barbuda
12%
Barbados
12%
Grenada
12%
Islamska Republika Pakistanu
12%
Królestwo Bahrajnu
12%
Królestwo Kambodży
12%
Malezja
12%
Państwo Izrael
12%
Republika Burundi
12%
Republika Gwinei
12%
Republika Gwinei Bissau
12%
Republika Gwinei Równikowej
12%
Republika Jemeńska
12%
Republika Kamerunu
12%
Republika Malawi
12%
Republika Malediwów
12%
Republika Mauritiusu
12%
Republika Rwandy
12%
Republika Tunezyjska
12%
Republika Ugandy
12%
Republika Vanuatu
12%
Republika Wybrzeża Kości Słoniowej
12%
Republika Wysp Marshalla
12%
Saint Lucia
12%
Saint Vincent i Grenadyny
12%
Sierra Leone
12%
Trynidad i Tobago
12%
Wyspy Salomona
12%
Boliwariańska Republika Wenezueli
8%
Federacyjna Republika Brazylii
8%
Haszymidzkie Królestwo Jordanii
8%
Islamska Republika Mauretańska
8%
Islamski Emirat Afganistanu
8%
Królestwo Tonga
8%
Meksykańskie Stany Zjednoczone
8%
Państwo Katar
8%
Państwo Kuwejt
8%
Państwo Libia
8%
Republika Dżibuti
8%
Republika Fidżi
8%
Republika Filipin
8%
Republika Nauru
8%
Republika Singapuru
8%
Arabska Republika Egiptu
4%
Republika Gabońska
4%
Republika Kirgiska
4%
Republika Palau
4%
Wielonarodowe Państwo Boliwia
4%
Wschodnia Republika Urugwaju
4%
Związek Australijski
4%
Algierska Republika Ludowo-Demokratyczna
0%
Demokratyczna Republika Timoru Wschodniego
0%
Demokratyczna Republika Wysp Świętego Tomasza i Książęcej
0%
Demokratyczno-Socjalistyczna Republika Sri Lanki
0%
Federacja Saint Kitts i Nevis
0%
Federalna Demokratyczna Republika Etiopii
0%
Federalna Demokratyczna Republika Nepalu
0%
Federalna Republika Nigerii
0%
Federalna Republika Somalii
0%
Kooperacyjna Republika Gujany
0%
Laotańska Republika Ludowo-Demokratyczna
0%
Ludowa Republika Bangladeszu
0%
Niezależne Państwo Papui-Nowej Gwinei
0%
Niezależne Państwo Samoa
0%
Państwo Brunei Darussalam
0%
Państwo Erytrea
0%
Republika Togijska
0%
Republika Związku Mjanmy
0%
Sfederowane Stany Mikronezji
0%
Socjalistyczna Republika Wietnamu
0%
Syryjska Republika Arabska
0%
Wspólnota Bahamów
0%
Wspólnota Dominiki
0%
Zjednoczona Republika Tanzanii
0%
Związek Komorów
0%
Nie znaleziono quizów pasujących do podanych kryteriów
Rozkład punktacji
Procent ludzi z każdym wynikiem
Percentyl według liczby udzielonych odpowiedzi
Twoja historia wyników
Nie rozwiązałeś tego quizu od ostatniego zresetowania